ბათუმის შოთა რუსთაველის სახელმწიფო უნივერსიტეტის ბიბლიოთეკა

Практикум по агрохимии (ბიბ.ჩანაწერი № 45980)

000 -LEADER
fixed length control field 00550nam a2200205Ia 4500
001 - CONTROL NUMBER
control field 12809
003 - CONTROL NUMBER IDENTIFIER
control field GE_BSU
008 - FIXED-LENGTH DATA ELEMENTS--GENERAL INFORMATION
fixed length control field 181216s||||||||xx |||||||||||||| ||und||
040 ## - CATALOGING SOURCE
Transcribing agency GE_BSU
080 ## - UNIVERSAL DECIMAL CLASSIFICATION NUMBER
Universal Decimal Classification number 631.8(076)
100 ## - MAIN ENTRY--PERSONAL NAME
Personal name Петербургский,А.В.
245 ## - TITLE STATEMENT
Title Практикум по агрохимии
245 ## - TITLE STATEMENT
Remainder of title Учебник
260 ## - PUBLICATION, DISTRIBUTION, ETC.
Place of publication, distribution, etc. Москва
260 ## - PUBLICATION, DISTRIBUTION, ETC.
Name of publisher, distributor, etc. Огиз-сельхозгиз
260 ## - PUBLICATION, DISTRIBUTION, ETC.
Date of publication, distribution, etc. 1947
300 ## - PHYSICAL DESCRIPTION
Extent 280стр.илл.20см.
653 ## - INDEX TERM--UNCONTROLLED
Uncontrolled term Практикум по агрохимии
942 ## - ADDED ENTRY ELEMENTS (KOHA)
Koha item type წიგნი
ეგზემპლარები
Withdrawn status Lost status Damaged status Not for loan Date acquired Barcode Date last seen Price effective from Koha item type
        2018-12-17 21016 2018-12-17 2018-12-17 წიგნი